00932nam a2200241Ia 450000100060000000300090000600800410001504000130005604000130006904100130008210000230009510000290011824500810014724500600022825000110028826000120029926000200031126000490033130000570038050001860043765000360062365000310065919007IT-RoPAU130308s9999 xx 000 0 und d aIT-RoPAU cIT-RoPAU aITALIANO aScotto Lavina Enzo gCodice Aut. SPICS: 4811 a1927,1936. Frammenti di un decennio di politica culturale tra Roma e Venezia bVenezia 32,82-Biennale mostra internazionale del Cinema a1a ed. aVENEZIA bLa Biennale/Eri c1982 [1° Ed.:1982 - Ed.Ling.Originale:1982] a"51 p. (prefazione: no ; testo: 51 [pagine: 15-65])" aSotto Il Controllo Dello Stato Concorso del Pubblico Incassi Effettivi della Ciga Maraini Antonio scultore progetto per Il palazzo del Cinema programma di manifestazioni Collaterali aMANIFESTAZIONI CINEMATOGRAFICHE eCodice materia Spics: 6815